000 00638nam a2200241Ia 4500
003 OSt
005 20220925215610.0
006 a|||||r|||| 00| 0
007 ta
008 220923b |||||||| |||| 00| 0 eng d
037 _cGeneral Book
040 _aRTL
_cRTL
_beng
041 _2eng
_aeng
082 _aU, K6
100 _aWooldridge S.W.
_992460
245 0 _aSpirit and purpose of geography
250 _a3rd
260 _aLondon
_bHutchinson University Press
_c1966
300 _a 168p
_ccm.
700 _a East W.G.
942 _hU, K6
_cGB
_2CC
999 _c569216
_d569216